| 000 | 00413nam a2200145Ia 4500 | ||
|---|---|---|---|
| 008 | 230917s9999||||xx |||||||||||||| ||und|| | ||
| 040 |
_e99342 _aMAIN |
||
| 041 | _aEnglish | ||
| 082 | _a361 E85I | ||
| 100 | _aEpstein, Charlotte | ||
| 245 | 3 | _aAn introduction to the human service: developing knowledge, skills and sensitivity | |
| 260 |
_aLondon _bPrentice Hall _c1981 |
||
| 300 | _aviii, 310 p. | ||
| 942 | _cBK | ||
| 999 |
_c226925 _d226925 |
||